000 02700cam a22006854i 4500
003 PE-LiUPU
005 20250731173040.0
008 120814s2013 miu rb 001 0 eng
020 _a0801031354
020 _a9780801031359
035 _a(Sirsi) i9780801031359
035 _a(OCoLC)795759466
040 _aDLC
_bspa
_cDLC
_dBTCTA
_dBDX
_dOCLCO
_dKAT
_dYDXCP
_dCFT
_dBWX
_dCDX
_dWIO
_dCHVBK
_dOCLCF
_dOCLCQ
_dOCLCO
_dOCLCQ
_dMNLUT
_dOCLCQ
_dOCLCO
_dPE-LiUPU
_erda
049 _aPRUA
050 0 0 _aBV15
_b.B435 2013
082 0 0 _a246
_bB44
_223
100 1 _aBenson, Bruce Ellis,
_d1960- ,
_eautor.
245 1 0 _aLiturgy as a way of life :
_bembodying the arts in Christian worship /
_cBruce Ellis Benson.
264 1 _aGrand Rapids, Michigan :
_bBaker Academic,
_c©2013.
300 _a160 páginas ;
_c22 centímetros.
336 _atext
_2rdacontent
337 _aunmediated
_2rdamedia
338 _avolume
_2rdacarrier
490 0 _aThe church and postmodern culture
504 _aBibliografía al pie de página.
504 _aÍndice : páginas 157-160.
505 0 _aCall and the response -- Deconstructing the discourse of art -- Improvising like jazz -- On not being an artistic whore -- Becoming living works of art.
526 _aSEG42
526 _aSEG41
526 _aSEG40
526 _aSEG39
526 _aP94
526 _aP87
526 _aP86
526 _aP85
526 _aP77
526 _aP76
526 _aP35
650 0 _aAdoración.
_9831
650 0 _aCristianismo y arte.
650 0 _aCristianismo y las artes.
650 0 _aLiturgia y arte.
650 0 _aLiturgia y las artes.
650 0 _aLiturgia.
650 0 _aPostmodernismo
_xAspectos religiosos
_xCristianismo.
650 7 _aChristianity and art.
_2fast
_0(OCoLC)fst00859651
650 7 _aChristianity and the arts.
_2fast
_0(OCoLC)fst00859745
650 7 _aLiturgics.
_2fast
_0(OCoLC)fst01000579
650 7 _aLiturgy and art.
_2fast
_0(OCoLC)fst01000597
650 7 _aLiturgy and the arts.
_2fast
_0(OCoLC)fst01000603
650 7 _aPostmodernism
_xReligious aspects
_xChristianity.
_2fast
_0(OCoLC)fst01073177
650 7 _aWorship.
_2fast
_0(OCoLC)fst01181450
910 _adbm
_bebj
_cebj
_d20171219
942 _2ddc
_cBOOK
949 _a246 B44
_wDEWEY
_c1
_i77587
_lCATALOGING
_mBUL
_p13.80
_r0
_sY
_tBOOK
_u2017-12-19
_xPOSGRADO
_PP85
_0DONACION
_o.STAFF. Colección Teología.
994 _aC0
_bPEPRU
596 _a1
999 _a246 B44
_wDEWEY
_c26261
_i77587
_d26261
_f2021-11-10
_g4
_lCCODEBUL1
_mBUL
_p13.80
_q3
_r0
_sY
_tBOOK
_u2017-12-19
_xTEOLOGIA
_PP85
_0DONACION
_o.STAFF. Colección Teología.
980 _81
_gALBERTO SANCHEZ Responsable de Automatización